| 000 | 00381nam a2200145 a 4500 | ||
|---|---|---|---|
| 001 | 3750 | ||
| 003 | CDMR | ||
| 005 | 20130326123241.0 | ||
| 008 | 130130s2003||||||||||||||||||||||||||||d | ||
| 040 |
_aCDMR _bcat _cCPC LLEIDA |
||
| 100 | 1 |
_aVidal, Vidal _92665 |
|
| 245 | 1 | 0 |
_aVisions de la Seu Vella _cVIDAL, Vidal, MELGOSA, Llorenç |
| 260 |
_aLleida _c2003 _bLa Clamor |
||
| 942 |
_cMON _2udc |
||
| 999 |
_c3750 _d3750 |
||